50 Biggest Cities in Southeastern US states on a map - Statistics

General Stats
  • This quiz has been taken 397 times
    369 since last reset
  • The average score is 38 of 50
Answers on the Map
Answers color-coded by a green-red scale on the quiz's map according to % correct below.
 
Answer Stats
State Population Answer % Correct
Texas 2,320,268 Houston
99%
Texas 1,343,573 Dallas
98%
Florida 467,963 Miami
98%
Georgia 506,811 Atlanta
97%
Texas 978,908 Austin
96%
Florida 911,507 Jacksonville
95%
Texas 681,728 El Paso
94%
Tennessee 670,820 Nashville
94%
Louisiana 390,144 New Orleans
94%
North Carolina 885,708 Charlotte
93%
Florida 399,700 Tampa
93%
Louisiana 220,236 Baton Rouge
92%
Florida 287,442 Orlando
92%
Texas 1,547,253 San Antonio
92%
Texas 909,585 Fort Worth
91%
Tennessee 651,073 Memphis
91%
Arkansas 197,312 Little Rock
90%
Kentucky 617,638 Louisville
90%
Florida 194,500 Tallahassee
90%
Alabama 209,403 Birmingham
89%
North Carolina 474,069 Raleigh
89%
Alabama 198,525 Montgomery
88%
Virginia 230,436 Richmond
87%
Virginia 449,974 Virginia Beach
85%
Kentucky 323,152 Lexington
81%
Texas 326,586 Corpus Christi
79%
Texas 398,854 Arlington
78%
Virginia 236,842 Arlington
78%
Florida 265,351 St. Petersburg
75%
North Carolina 278,543 Durham
74%
North Carolina 296,710 Greensboro
73%
Texas 199,371 Amarillo
72%
Virginia 242,732 Norfolk
70%
Alabama 200,574 Huntsville
68%
Georgia 197,888 Augusta
67%
Texas 258,862 Lubbock
67%
Texas 262,491 Laredo
65%
North Carolina 247,945 Winston-Salem
63%
Texas 287,677 Plano
59%
Virginia 244,835 Chesapeake
56%
Georgia 195,769 Columbus
54%
Florida 194,495 Cape Coral
53%
Florida 233,339 Hialeah
52%
North Carolina 211,657 Fayetteville
49%
Texas 239,798 Irving
49%
Texas 239,938 Garland
44%
Florida 201,846 Port St. Lucie
43%
Texas 200,490 Frisco
40%
Texas 199,177 McKinney
35%
Texas 194,543 Grand Prairie
30%
No matching quizzes found
Score Distribution
Percent of People with Each Score
Percentile by Number Answered
Your Score History
You have not taken this quiz since the last reset